00389nam a2200157Ia 4500008004100000082001000041100003200051245002200083260001300105300000800118365000900126520002600135630002200161650002600183730002200209100917s9999 xx 000 0 und d b59940 aShukla M. C. / Grewah T. S. aAdvanced Accounts b---c--- a200 b27.5 aइंग्रजी aAdvanced Accounts aइंग्रजी aAdvanced Accounts